00367nam a2200133Ia 4500008004100000020001800041100002000059245003100079250000800110260003800118300000800156650004600164700002300210240925s9999 xx 000 0 und d a9780198097389 aAllen, Philip E 0aCMOS Analog Circuit Design a3rd aNew YorkbOxford Universityc2012 a590 aElectronics and Communication Engineering aHolberg, Douglas R